书目信息 |
| 题名: |
走向祖国统一的足迹
|
|
| 作者: | 果继山 编著 | |
| 分册: | 续编十一 | |
| 出版信息: | 北京 红旗出版社 2013 |
|
| 页数: | 3999-4559页 | |
| 开本: | 20cm | |
| 丛书名: | ||
| 单 册: | ||
| 中图分类: | D618 | |
| 科图分类: | ||
| 主题词: | 政治--中国 | |
| 电子资源: | ||
| ISBN: | 7-5051-2878-7 | |
| 000 | 00693nam0 2200217 450 | |
| 001 | 1755438911 | |
| 005 | 20170511152457.79 | |
| 010 | @a7-5051-2878-7@dCNY50.00 | |
| 100 | @a20170511d2013 km y0chiy0120 ea | |
| 101 | 0 | @achi |
| 102 | @aCN@b110000 | |
| 200 | 1 | @a走向祖国统一的足迹@Azou xiang zu guo tong yi de zu ji@e第二次续编@i续编十一@f果继山编著@Fguo ji shan bian zhu |
| 210 | @a北京@c红旗出版社@d2013 | |
| 215 | @a3999-4559页@d20cm | |
| 517 | 1 | @a第二次续编@Adi er ci xu bian |
| 517 | 1 | @a续编十一@Axu bian shi yi |
| 606 | 0 | @a政治@x中国 |
| 690 | @aD618@v4 | |
| 701 | 0 | @a果继山@Aguo ji shan@4编著 |
| 801 | 0 | @aCN@b大连网信软件有限公司图书馆·11@c20170511 |
| 905 | @aZUCC@dD618@e194:11 | |
| 走向祖国统一的足迹:第二次续编.续编十一/果继山编著.-北京:红旗出版社,2013 |
| 3999-4559页;20cm |
| ISBN 7-5051-2878-7:CNY50.00 |
| ● |
| 相关链接 |
|
|
|
|
正题名:走向祖国统一的足迹
索取号:D618/194:11
 
预约/预借
| 序号 | 登录号 | 条形码 | 馆藏地/架位号 | 状态 | 备注 |
| 1 | 1051040 | 210510400 | 第一样本阅览室/ [索取号:D618/194:11] | 在馆 | |
| 2 | 1051060 | 210510605 | 第一借阅区/ [索取号:D618/194:11] | 在馆 |